000 00507nam a22001697a 4500
010 _aENG-139446
020 _a8185753784
_c400.00
035 _aEN-122978
037 _bDBAD
082 _a881
100 _aNaik,M.K
_969887
245 _aIndian English Poetry:
_bFrom the beginnings upto 2000/
_cBy M.K. Naik
260 _aNew Delhi
_bPencraft International
_c2009
270 _a B-1/141, Ashok Vihar II,
_bNew Delhi
_e110052
300 _a180p.
_c22cm(Hb)
942 _2ddc
_cEN
_h881
_mNAI
999 _c204984
_d204984